000
00292nam a2200109Ia 4500
008
210430s9999 xx 000 0 und d
082
_a
629.2 I2911P
100
_a
Illustrated
_9
8530
245
_a
Practical Automobile Engineering Illustrated
_c
Illustrated
260
_c
1980
942
_c
BK
_2
ddc
999
_c
565902
_d
565902